000 01225nam a22002417a 4500
999 _c57251
_d57251
003 Ge_BSU
005 20200128163134.0
008 200128s2018 ge ||||| |||| 00| 0 geo d
020 _a9789941463716
041 _ageo
080 _a725.17(44) ს-34
100 _aსაყვარელიძე, ფრიდონ.
_96412
245 _aმეფე და მებაღე /
_cფრიდონ საყვარელიძე ; დიზაინ : თეონა ჭანიშვილი .
264 _aთბილისი :
_bარტანუჯი,
_c2018.
300 _a124 გვ. :
_b ილ. ;
_c19 სმ.
500 _aწიგნი გამოიცა საქართველოს ფრანგული ინსტიტუტის ხელშეწყობით
653 _aვერსალის ბაღები
653 _aსაფრანგეთის სახლ-მუზეუმები
653 _aვერსალის სასახლე
700 _aჭანიშვილი, თეონა
_eგარეკანის დიზაინერი
_96381
710 _eხელოვნება
_96454
942 _2udc
_cBK